MDQL
is popping MORE tags! Check the
thread
!
Quizzes
Events
Quiz Creation
Community
Videos
Private Events
Remove Ads
Sign In
Join for FREE
Feedback
Dark Mode
Quiz Categories
Sports
Geography
Music
Movies
Television
Just For Fun
Miscellaneous
History
Literature
Language
Science
Gaming
Entertainment
Religion
Holiday
For Kids
Quiz Lab
Recent
Popular Today
Quiz Kudos Today
Editor Picks
Curator Picks
Quizzes by...
Day
Popularity
Type
Ratings
Length
Year
Community
Subscriptions
Recent Discussions
Orange Saloon
Badges
Playlists
Quests
Create
Leaderboards
Showdown
Live 5
Trivia Bingo
Activity
Puzzle Library
Sporcle Events
Private Events
Virtual Trivia
Globe League
Become a Host
Pub Owners
SporcleCon
Opinionation
Our Games
Videos
Blog
Mobile Apps
Partnerships
Remove Ads and Go Orange
Feedback
Sports
Athletes
MLB
NBA
NHL
NFL
Soccer
Sports Teams
WWE
NCAA
Football
Premier League
Basketball
Baseball
Hockey
Golf
Tennis
Cricket
Rugby
Auto Racing
Olympics
World Cup
Sports
Athletes
MLB
NBA
NHL
NFL
Soccer
Sports Teams
WWE
NCAA
Football
Premier League
Basketball
Baseball
Hockey
Golf
Tennis
Cricket
Rugby
Auto Racing
Olympics
World Cup
Random Quiz
Search Sporcle
×
Quiz Lab
Quiz Lab
Sports
Basketball
Type in answers that appear in a list
Type in answers that appear in a list
Classic
Best Score? Go Orange.
Illini Basketball Starters (1998-2010) Stats
Can you name the Illini Basketball Starters (1998-2010)?
By
jfey5
10m
60 Questions
506 Plays
506 Plays
506 Plays
Comments
Comments
Give Quiz Kudos
Give Quiz Kudos
-
- Ratings
hide this ad
Replay
Link that replays current quiz
Next Quiz
Link to next quiz in quiz playlist
You Got
0%
They Got
Avg Score
74%
Avg Friend Score
Upgrade to see
Score Distribution
Jump to the score distribution portion of the page
Score
0/60
Timer
10:00
0
Plays Today
Year
Player
% Correct
2004-
2005
Deron Williams
99.8%
2003-
2004
Deron Williams
99.8%
2002-
2003
Deron Williams
99.8%
2001-
2002
Frank Williams
99%
2000-
2001
Frank Williams
99%
1999-
2000
Frank Williams
99%
2005-
2006
Dee Brown
98.2%
2004-
2005
Dee Brown
98.2%
2003-
2004
Dee Brown
98.2%
2002-
2003
Dee Brown
98.2%
2004-
2005
Luther Head
96%
2003-
2004
Luther Head
96%
2001-
2002
Luther Head
96%
1998-
1999
Cleotis Brown
90.9%
2005-
2006
James Augustine
89.3%
2004-
2005
James Augustine
89.3%
2003-
2004
James Augustine
89.3%
2002-
2003
James Augustine
89.3%
2004-
2005
Roger Powell
85.6%
2003-
2004
Roger Powell
85.6%
2002-
2003
Roger Powell
85.6%
2009-
2010
Demetri McCamey
79.6%
2008-
2009
Demetri McCamey
79.6%
2007-
2008
Demetri McCamey
79.6%
2009-
2010
Mike Davis
74.9%
2008-
2009
Mike Davis
74.9%
2002-
2003
Brian Cook
74.5%
2001-
2002
Brian Cook
74.5%
2000-
2001
Brian Cook
74.5%
1999-
2000
Brian Cook
74.5%
Year
Player
% Correct
2009-
2010
Mike Tisdale
73.7%
2008-
2009
Mike Tisdale
73.7%
2008-
2009
Chester Frazier
66.4%
2007-
2008
Chester Frazier
66.4%
2006-
2007
Chester Frazier
66.4%
2001-
2002
Cory Bradford
66.4%
2000-
2001
Cory Bradford
66.4%
1999-
2000
Cory Bradford
66.4%
1998-
1999
Cory Bradford
66.4%
2009-
2010
DJ Richardson
64.4%
2000-
2001
Sergio McClain
64.4%
1999-
2000
Sergio McClain
64.4%
1998-
1999
Sergio McClain
64.4%
1999-
2000
Lucas Johnson
64%
2007-
2008
Shaun Pruitt
62.1%
2006-
2007
Shaun Pruitt
62.1%
2005-
2006
Shaun Pruitt
62.1%
2007-
2008
Brian Randle
60.1%
2006-
2007
Brian Randle
60.1%
2005-
2006
Brian Randle
60.1%
2001-
2002
Robert Archibald
59.9%
2006-
2007
Rich McBride
59.7%
2005-
2006
Rich McBride
59.7%
2006-
2007
Warren Carter
55.7%
2009-
2010
Bill Cole
54%
2000-
2001
Marcus Griffin
53.2%
2008-
2009
Trent Meacham
50.2%
2007-
2008
Trent Meacham
50.2%
1998-
1999
Victor Chukwudebe
17.6%
1998-
1999
Fess Hawkins
13.2%
Quiz Playlist
Details
Report
Send in Message
Add To Playlist
Classic:
Type in answers that appear in a list
Last Updated: Feb 16, 2017
Quiz Scoreboard
CHALLENGE
Sign Up to Join the Scoreboard
Show All
Scores
Hide
Comments
May contain spoilers
Recently Published
Two Season TV Shows II
by 123Four
Television
10m
Image Sorting: Flags VI
by Barbecue
Geography
2m
Find the 'City' Movie
by crazypaving
Movies
60s
More to Explore
Quiz From the Vault
Featured Blog Post
14 Easter Pick-up Lines to Find Eggs With
hide this ad
You Might Also Like...
Tags
Basketball Quiz
1998
illini
Player
Starter
Today's Top Quizzes in Sports
Browse Sports
hide this ad
Today's Top Quizzes in Basketball
Browse Basketball
Top Contributed Quizzes in Sports
1
Les meilleurs buteurs des matchs entre le PSG et l’OM
2
Les entraîneurs de l'OM et du PSG au 21e siècle
3
2022 World Cup Stars
4
Les joueurs passés par le PSG et l'OM
5
Players with Multiple 50 Home Run Seasons
6
FIFA Club World Cup Champions
7
Criteria MLB: Left Handed Sluggers
8
Les joueurs passés par le LOSC et le RC Lens
9
Top 10 NHL Goal Scorers of All Time
10
MLB Players with Two .350 Batting Average Seasons
Explore More
Trending Topics
Crossword
Harry Potter
Marvel
Disney
Kpop
Anime
NBA
Pokémon
Soccer
NFL
Puzzle
The Office
Country
WWE
Song
hide this ad
More By:
jfey5
Quiz
Plays
Rating
Category
Featured
Created
NBA MVP Voting (2000s)
260,844
4.56
Sports
Dec 10, 2009
Top 5 NBA Playoff Scorers, '90s-'10s
213,461
4.59
Sports
Mar 19, 2011
NBA All-Star Starters
23,333
4.53
Sports
Nov 27, 2009
Last 5 NBA 20 PPG Scorers by Team
13,839
4.04
Sports
May 9, 2010
All-NBA Teams 2000-present
9,476
3.92
Sports
Nov 26, 2009
Go to Creator's Profile
Score Distribution
Quiz Creator Spotlight
jfey5
Follow
Send a Message
Quizzes Created
-
Created Quiz Play Count
-
More By This Creator
Popular Quizzes Today
1
Find the US States - No Outlines Minefield
2
Colored Red Africa Blitz
3
Find the 'City' Movie
4
5x2 Blitz: Bands
5
The Countries of the World
6
Find the Countries of Europe - No Outlines Minefield
7
Find the US States
8
US States
More Sports Quizzes
Rossi's MotoGP runners-up
Quiz Lab
Trending Quizzes
Colored Red Europe Blitz I
Colored Red Africa Blitz II
Colored Red Europe Blitz II
Colored Red Africa Blitz III
Colored Red Europe Blitz III
Recently Updated
How Do You Spell That?
pecheneg
Godzilla Movies
pecheneg
Grab Bag: 4-10 Letters
pecheneg
2024 March Madness Bracket
pecheneg
Famous TV Couples
Peacemaker
Champions League XIs: Real Madrid
pecheneg
Largest US Cities 1790-2010
pecheneg
Rides in Walt Disney World
pecheneg
Most Oscar Losses (Acting)
pecheneg
Beyoncé Albums
pecheneg
Trending Topics
Kpop
Harry Potter
Marvel
Crossword
Anime
NBA
Disney
Soccer
NFL
The Office
Country
Pokémon
WWE
Song
Puzzle
Your Account Isn't Verified!
In order to create a playlist on Sporcle, you need to verify the email address you used during registration. Go to your
Sporcle Settings
to finish the process.
Report this User
Report this user for behavior that violates our
Community Guidelines
.
Details:
Send Report
Go to the Sporcle.com Mobile Site →
Comments